00675nam a2200241 a 4500001001300000003000900013005001700022008004100039020001000080082001800090100002200108245004000130260002900170300000800199500003500207505001000242650001500252700002200267902000800289942000700297952011400304999001500418nice12345678IN_TiNIC20260116011801.0050524s1926 laha grp 000 0 urd  ac0.500a294.5563bPAU aPaul, Sultan Mohd aTahqiq-E-Aryab Arya Samaj Examined aLahorebM. K. Khanc1926 a46p aincludes index and biblioraphy2 aIndex aArya Samaj1 aPaul, Sultan Mohd bSRS cBK 001040708StackRoom-aHMIbHMId2007-07-25g0.50l0o294.5563 PAUp08290r2007-07-25v0.50w2005-05-24yBK c3933d3933